| 000 | 00767nam a2200205 a 4500 | ||
|---|---|---|---|
| 003 | 0 | ||
| 005 | 20250310144707.0 | ||
| 008 | 080730s19uu xx 00 eng d | ||
| 050 |
_aPGS HQ 777.5.B76 _b.N174 2008 |
||
| 100 | _aNamba, Arisa R. | ||
| 245 |
_aCommon signs of having a broken family among grade 6 students / _cArisa R. Namba. |
||
| 260 |
_aLas PiƱas City, Philippines : _bSouthville International School and Colleges, _c2008. |
||
| 300 |
_a37 pages : _billustrations ; _c28 cm. |
||
| 504 | _aIncludes bibliographical references. | ||
| 650 | _aChildren of divorced parents. | ||
| 650 |
_aChildren _vFamily relationships. |
||
| 650 |
_aBroken homes _vPsychological aspects. |
||
| 650 | _aAdjustment (Psychology) in children. | ||
| 942 |
_2lcc _cPASS |
||
| 999 |
_c97984 _d97984 |
||